000 00361 a2200169 4500
001 190743
020 _a978-85-7962-205-2
040 _cMagnum
100 _aMurakami, Haruki
240 1 0 _a1q84: Livro 2
_lpor
245 1 0 _a1q84: Livro 2
300 _a373
362 0 _a2013
440 1 _aObjetiva
697 _aLITERATURA GERAL ESTRANGEIRA
942 _cBK
999 _c190743
_d190743